| 000 | 00417pab a2200145 454500 | ||
|---|---|---|---|
| 008 | 180718b1987 xxu||||| |||| 00| 0 eng d | ||
| 100 | _aKamath, S.R. | ||
| 245 | _aStatus of tuberculosis control in mumbai and role of medical college specialists | ||
| 260 | _c1987 | ||
| 300 | _a5-6 | ||
| 362 | _aDec. | ||
| 650 | _aHealth Services - India - Bombay | ||
| 773 | _aBrihan Mimbai Mahanagarpalika Patrika | ||
| 909 | _a9683 | ||
| 999 |
_c9683 _d9683 |
||